Chùa Hoàng Ân một cổ tự đáng đến của tỉnh Đồng Nai
Guardado en:
| Autor principal: | |
|---|---|
| Formato: | Libro |
| Lenguaje: | Undetermined |
| Materias: | |
| Acceso en línea: | http://lrc.tdmu.edu.vn/opac/search/detail.asp?aID=2&ID=35227 |
| Etiquetas: |
Agregar Etiqueta
Sin Etiquetas, Sea el primero en etiquetar este registro!
|
| Thư viện lưu trữ: | Trung tâm Học liệu Trường Đại học Thủ Dầu Một |
|---|
| LEADER | 00591nam a2200145Ia 4500 | ||
|---|---|---|---|
| 001 | TDMU_35227 | ||
| 008 | 210410s9999 xx 000 0 und d | ||
| 082 | |a 330 | ||
| 100 | |a Nguyễn, Thị Thùy Liên | ||
| 245 | 0 | |a Chùa Hoàng Ân một cổ tự đáng đến của tỉnh Đồng Nai | |
| 245 | 0 | |c Nguyễn Thị Thùy Liên | |
| 300 | |a Tr.45-47 | ||
| 650 | |a Văn hóa và Du lịch; Chùa Hoàng Ân; Đồng Nai | ||
| 856 | |u http://lrc.tdmu.edu.vn/opac/search/detail.asp?aID=2&ID=35227 | ||
| 980 | |a Trung tâm Học liệu Trường Đại học Thủ Dầu Một | ||